=LDR 00000nam 2200000 4500 =001 INLIS000000000008717 =005 20130612100542 =008 ***********************************Ind** =035 ##$$0010-061300000008717 =041 ##$$a Ind =082 ##$$a 320.507 =090 ##$$a 320.507, Pen P =245 ##$$a PPKN 2 Klas II =260 ##$$a 2000 $b Semarang =300 ##$$a X,102 hlm, ilus, 30 cm =650 ##$$a Pancasila-Studi dan Pengajaran =850 ##$$a NBPNMAT =990 ##$$a 0001/BPAP-NTB/2016